| 000 | 00761cam a22002052 4500 | ||
|---|---|---|---|
| 001 | 0000024988 | ||
| 005 | 20151217161558.0 | ||
| 008 | 140410s xx 000 0 eng d | ||
| 040 |
_aKABU _cKABU |
||
| 100 | 1 |
_aKabiga, Lilian Njeri. _@0000182804 |
|
| 245 | 1 | 0 |
_aEvaluating the effect of new technologies in warehousing operations in public sector organizations : _ba case study of Kenya Power & Lighting Company Limited / _cLilian Njeri Kabiga. |
| 250 | _a1st ed. | ||
| 260 |
_aNakuru : _bKabarak University, _c2012. |
||
| 300 | _axiii, 79 leaves. | ||
| 502 | _aThesis (MBA) - Kabarak University, 2012. | ||
| 650 | 0 |
_aWarehouses _xManagement. _@0000182805 |
|
| 908 | _a140410 | ||
| 950 | _@1 | ||
| 999 |
_c15406 _d15406 |
||